Quizzes
Events
Quiz Creation
Community
Videos
Private Events
Remove Ads
Sign In
Join for FREE
Feedback
Dark Mode
Quiz Categories
Sports
Geography
Music
Movies
Television
Just For Fun
Miscellaneous
History
Literature
Language
Science
Gaming
Entertainment
Religion
Holiday
For Kids
Quiz Lab
Recent
Popular Today
Quiz Kudos Today
Editor Picks
Curator Picks
Quizzes by...
Day
Popularity
Type
Ratings
Length
Year
Community
Subscriptions
Recent Discussions
Orange Saloon
Badges
Playlists
Quests
Create
Leaderboards
Showdown
Live 5
Trivia Bingo
Activity
Puzzle Library
Sporcle Events
Private Events
Virtual Trivia
Globe League
Become a Host
Pub Owners
SporcleCon
Opinionation
Our Games
Videos
Blog
Mobile Apps
Partnerships
Remove Ads and Go Orange
Feedback
Music
Pop Music
The Beatles
Song
Album
Lyrics
Bands
Singers
Artist
Clip
Rock
Rap
Classical
Billboard
Country Music
Kpop
Taylor Swift
Music
Pop Music
The Beatles
Song
Album
Lyrics
Bands
Singers
Artist
Clip
Rock
Rap
Classical
Billboard
Country Music
Kpop
Taylor Swift
Random Quiz
Search Sporcle
×
Quiz Lab
Quiz Lab
Music
Song
Type in answers that appear in a list
Type in answers that appear in a list
Classic
Best Score? Go Orange.
Built to Spill Guess the Lyrics Stats
Can you guess the lyrics to an unknown Built to Spill song?
By
penguin57162
10m
219 Questions
115 Plays
115 Plays
115 Plays
Comments
Comments
Give Quiz Kudos
Give Quiz Kudos
-
- Ratings
hide this ad
Replay
Link that replays current quiz
Next Quiz
Link to next quiz in quiz playlist
You Got
0%
They Got
Avg Score
68%
Avg Friend Score
Upgrade to see
Score Distribution
Jump to the score distribution portion of the page
Score
0/219
Timer
10:00
0
Plays Today
% Correct
I
97.4%
I
97.4%
I
97.4%
I
97.4%
I
97.4%
I
97.4%
you
95.7%
you
95.7%
You
95.7%
you
95.7%
you
95.7%
You
95.7%
you.
95.7%
you
95.7%
you
95.7%
You
95.7%
the
94.8%
the
94.8%
the
94.8%
the
94.8%
the
94.8%
a
93.9%
a
93.9%
a
93.9%
to
89.6%
to
89.6%
an
89.6%
to
89.6%
to
89.6%
me
86.1%
me
86.1%
me?
86.1%
me.
86.1%
me
86.1%
me?
86.1%
me.
86.1%
me
86.1%
me
86.1%
me
86.1%
me?
86.1%
When
83.5%
on
83.5%
and
83.5%
and
83.5%
and
83.5%
and
83.5%
and
83.5%
and
83.5%
and
83.5%
be?
81.7%
be?
81.7%
be?
81.7%
He
80%
he
80%
he
80%
He
80%
was
78.3%
was
78.3%
all
75.7%
see.
75.7%
all
75.7%
see.
75.7%
but
74.8%
in
74.8%
this
74.8%
but
74.8%
this
74.8%
what
74.8%
what
74.8%
can
74.8%
this
74.8%
but
74.8%
this
74.8%
% Correct
what
74.8%
but
74.8%
this
74.8%
but
74.8%
this
74.8%
but
74.8%
this
74.8%
can
74.8%
what
74.8%
have
73.9%
time
73.9%
time,
73.9%
it
73.9%
it
73.9%
time
73.9%
time
73.9%
time
73.9%
time
73.9%
it
73.9%
time
73.9%
That
73%
that
73%
that
73%
that
73%
that
73%
have
73%
have
73%
that
73%
could
72.2%
do.
72.2%
won't
70.4%
won't
70.4%
won't
70.4%
won't
70.4%
won't
70.4%
won't
70.4%
out
69.6%
let
69.6%
let
69.6%
let
69.6%
some
67.8%
Some
67.8%
big
67%
up
67%
up
67%
up
67%
big
67%
up
67%
up
67%
big
67%
up
67%
up
67%
up
67%
big
67%
little
66.1%
dipper
66.1%
dipper
66.1%
is
66.1%
dipper
66.1%
said
65.2%
said
65.2%
said.
65.2%
constellation
64.3%
(Once)
62.6%
pointed
62.6%
someone
61.7%
would
61.7%
dipper's
60%
thought
60%
thought
60%
thought
60%
thought
60%
thought
60%
% Correct
thought
60%
thought
60%
Thought
60%
been
59.1%
his
59.1%
been
59.1%
been
59.1%
should
58.3%
its
56.5%
just
56.5%
make
56.5%
it's
56.5%
home.
55.7%
there
55.7%
sky.
54.8%
night
54.8%
heard
54.8%
night
54.8%
heard
54.8%
night
54.8%
heard
54.8%
thousand
53.9%
high,
53%
rescue
53%
rescue
53%
rescue
53%
miles
52.2%
last
52.2%
last
52.2%
last
52.2%
stood
51.3%
Bottled
51.3%
way
51.3%
Bottled
51.3%
Bottled
51.3%
here
50.4%
here
50.4%
must
49.6%
Bottoms
48.7%
apartment
48.7%
Bottoms
48.7%
Bottoms
48.7%
work
47.8%
stir-fry
47.8%
dinner
47.8%
that's
47%
that's
47%
think
46.1%
like
46.1%
side
45.2%
chemicals
45.2%
Albertson's
45.2%
should've
44.3%
true.
44.3%
alone.
44.3%
should've
44.3%
made
43.5%
brains
43.5%
he'd
42.6%
through.
42.6%
Jack
41.7%
Now
41.7%
laying
40.9%
beer
40.9%
nothing
40.9%
nothing
40.9%
twice
40%
brontasaurus
37.4%
brontasaurus
37.4%
learned
36.5%
bored
34.8%
bores
32.2%
fact
11.3%
Quiz Playlist
Details
Report
Send in Message
Add To Playlist
Classic:
Type in answers that appear in a list
Last Updated: Feb 16, 2017
Quiz Scoreboard
CHALLENGE
Sign Up to Join the Scoreboard
Show All
Scores
Hide
Comments
May contain spoilers
Recently Published
9x9 Crossword: Cartoon Network
by jackfrog10
Miscellaneous
3m
College Basketball Coaching Resumes
by pancakes188
Sports
9m
Billboard Blitz: Fleetwood Mac
by CooCooCachoo
Music
15s
More to Explore
Quiz From the Vault
Featured Blog Post
Where Did the Easter Bunny Come From?
hide this ad
You Might Also Like...
Tags
Song Quiz
built
spill
Unknown
Today's Top Quizzes in Music
Browse Music
hide this ad
Today's Top Quizzes in Song
Browse Song
Top Contributed Quizzes in Music
1
Taylor Swift All Songs (2024)
2
Guess the Artist- 70s Songs
3
7-to-1: Billboard Hot 100 #1 Hits of 2010s
4
Sorting Albums and Songs
5
Taylor Swift Logic Puzzle
6
KPOP LOGIC QUIZ
7
Guess the Taylor Swift song (Mystery Song)
8
Guess The Taylor Swift Lyrics Song #1
9
Billboard Blitz: ABBA
10
One Thing in Common: Music
Explore More
Trending Topics
Crossword
Kpop
NBA
Marvel
Anime
Disney
Harry Potter
NFL
The Office
WWE
Soccer
Country
Puzzle
Song
Pokémon
hide this ad
More By:
penguin57162
Quiz
Plays
Rating
Category
Featured
Created
Crusader Kings 2 De Jure Territories
1,674
5.00
Gaming
Apr 2, 2013
The Ultimate Latin Grammar Quiz
1,076
4.50
Language
Jul 1, 2010
Latin Verbs
874
4.33
Language
Jul 1, 2010
Dragons: Color Coded for Your Convenience
849
5.00
Gaming
Oct 22, 2016
Napoleon Total War Factions
394
Gaming
Jun 25, 2010
Go to Creator's Profile
Score Distribution
Quiz Creator Spotlight
penguin57162
Follow
Send a Message
Quizzes Created
-
Created Quiz Play Count
-
More By This Creator
Popular Quizzes Today
1
Find the US States - No Outlines Minefield
2
Find the Countries of Europe - No Outlines Minefield
3
The Countries of the World
4
Find the US States
5
Risky Map Clicking: Biggest States A-Z
6
US States
7
Popular People in 1961
8
Movies - When Are They Set?
More Music Quizzes
Kpop boygroup title songs (March 2024)
Quiz Lab
Trending Quizzes
Risky Map Clicking: Least Populous States A-Z
1-10 Letter G Words
1-10 Letter F Words
Risky Map Clicking: Next State Alphabetically
Adjectives in 80s TV Shows
Recently Updated
Leaping Animals
pecheneg
Reality TV Shows (A-Z)
bhenderson79
Rickey Henderson's Hall of Fame Teammates
pecheneg
Champions League XIs: Arsenal
pecheneg
Quick Pick: Celebrities in WWE's Hall of Fame
aduchscher
A-Z Keypad Blitz II
pecheneg
Multiple Oscar Actors
pecheneg
Mystery Phrase Blitz: Oscar 'Best Actors'
pecheneg
F. Scott Fitzgerald Novels
LTH
Pick 3 Villains
ddd62291
Trending Topics
Crossword
Kpop
Disney
Harry Potter
NBA
Marvel
Anime
WWE
Puzzle
Soccer
NFL
Pokémon
Song
The Office
Country
Your Account Isn't Verified!
In order to create a playlist on Sporcle, you need to verify the email address you used during registration. Go to your
Sporcle Settings
to finish the process.
Report this User
Report this user for behavior that violates our
Community Guidelines
.
Details:
Send Report
Go to the Sporcle.com Mobile Site →
Comments